This fissured land : An ecological history of India (Record no. 40825)
[ view plain ]
| 000 -LEADER | |
|---|---|
| fixed length control field | 00450nam a2200157Ia 4500 |
| 082 ## - DEWEY DECIMAL CLASSIFICATION NUMBER | |
| Classification number | 581.5:934 |
| Item number | GAD |
| 100 ## - MAIN ENTRY--AUTHOR NAME | |
| Personal name | Gadgil, Madhav |
| 245 #0 - TITLE STATEMENT | |
| Title | This fissured land : An ecological history of India |
| 260 ## - PUBLICATION, DISTRIBUTION, ETC. (IMPRINT) | |
| Place of publication | Delhi |
| Name of publisher | Oxford University Press |
| Year of publication | 1993 |
| 650 ## - SUBJECT ADDED ENTRY--TOPICAL TERM | |
| Topical Term | Geological history |
| 650 ## - SUBJECT ADDED ENTRY--TOPICAL TERM | |
| Topical Term | Human history |
| 650 ## - SUBJECT ADDED ENTRY--TOPICAL TERM | |
| Topical Term | Wild life conservation |
| 700 ## - ADDED ENTRY--PERSONAL NAME | |
| Personal name | Guha, Ramachandra |
| 942 ## - ADDED ENTRY ELEMENTS (KOHA) | |
| Koha item type | Books |
| Withdrawn status | Lost status | Damaged status | Not for loan | Home library | Current library | Date acquired | Cost, normal purchase price | Full call number | Accession Number | Koha item type |
|---|---|---|---|---|---|---|---|---|---|---|
| Write off | RRII Library | RRII Library | 16/12/2021 | 125.00 | 581.5:934 GAD | 21119 | Books |